| 000 | 00695nam a2200253Ia 4500 | ||
|---|---|---|---|
| 003 | OSt | ||
| 005 | 20221007070903.0 | ||
| 006 | a|||||r|||| 00| 0 | ||
| 007 | ta | ||
| 008 | 221006b |||||||| |||| 00| 0 eng d | ||
| 024 | _a7,167 | ||
| 037 | _cReference Collections | ||
| 040 |
_aFLL _cFLL _beng |
||
| 041 |
_2eng _aeng |
||
| 082 | _aZ2,5y7N80-M64, M1.2 | ||
| 100 |
_aPrem Daulat Ram Au. _9681328 |
||
| 245 | 0 | _aCriminal practice | |
| 250 | _a7th | ||
| 260 |
_aJodhpur _bRajasthan law house India _c1981 |
||
| 300 |
_axvi,907p _ccm. |
||
| 490 | _vV2 | ||
| 942 |
_hZ2,5y7N80-M64, M1.2 _cREF _2CC |
||
| 999 |
_c1141811 _d1141811 |
||